Multiple Choice City Quiz – Ioannina - Statistics

General Stats
  • This quiz has been taken 9 times
  • The average score is 5 of 10
Answer Stats
Question Answer % Correct
Which year did Ioannina become a part of Greece? 1913
63%
What dessert is very famous in Ioannina? Baklava
63%
What is the main square of Ioannina? Dimokratias Square
63%
What is Ioannina known for producing? Silver jewelry
63%
What lake is Ioannina built around? Pamvotis
50%
What is the name of the Jewish district of Ioannina? Romaniote Quarter
50%
What is the name of the ancient theatre near Ioannina? Theater of Dodona
50%
What is Ioannina's nickname? The City of Letters and Arts
25%
Likewise, what drink is very famous in Ioannina? Tsipouro
25%
What does the emblem of Ioannina depict? Portrait of Justinian
13%
No matching quizzes found
Score Distribution
Percent of People with Each Score
Percentile by Number Answered
Your Score History
You have not taken this quiz